Statistics for NFL Starting Running Backs

Click here to take the quiz!

General Stats

  • This quiz has been taken 607 times
  • The average score is 13 of 32

Answer Stats

HintAnswer% Correct
SEALynch
95%
MINPeterson
69%
SFGore
67%
TENJohnson
66%
PHIMcCoy
60%
PITBell
59%
DALMurray
58%
CHIForte
54%
KCCharles
53%
GBLacy
51%
ATLJackson
50%
HOUFoster
49%
BALRice
45%
CARWilliams
45%
TBMartin
43%
DETBush
41%
WASMorris
40%
JAXJones Drew
37%
CINBernard
30%
MIAMiller
30%
DENMoreno
30%
OAKMcFadden
28%
INDRichardson
28%
STLRichardson
28%
BUFSpiller
28%
NYJIvory
26%
NOThomas
23%
NERidley
20%
SDMathews
18%
AZMendenhall
10%
NYGWilson
10%
CLEMcGahee
6%

Score Distribution

Percentile by Number Answered

Percent of People with Each Score

Your Score History

You have not taken this quiz